| 000 | 00489cam a2200193ua 4500 | ||
|---|---|---|---|
| 001 | 10051 | ||
| 008 | 160229n2000 II |||gr||||Z||||||eng | ||
| 040 | _aMAIN | ||
| 041 | _aEnglish | ||
| 082 | _a551 MUK | ||
| 100 | _aMUKHERJEE , PRATAP KR. . | ||
| 245 | _aA TEXT BOOK OF GEOLOGY | ||
| 250 | _aREP. | ||
| 260 |
_aKOLKATA _bTHE WORLD PRESS _c2000 |
||
| 300 |
_a638: _c20CM. |
||
| 653 | _aGeology, hydrology & meteorology | ||
| 700 |
_aMUKHERJEE , PRATAP KR. ., _eAuthor. |
||
| 942 | _cBK | ||
| 999 |
_c10022 _d10022 |
||